| 000 | 00814nam0a2200265 4500 | ||
|---|---|---|---|
| 001 | RU\NLR\ONL1\17009 | ||
| 005 | 20250613122919.0 | ||
| 035 | _a(NLR Aleph) 009645747 | ||
| 090 |
_a9563183 _c9563183 |
||
| 100 | _a20100713d1933 |||y0rusy50 ca | ||
| 101 | 0 | _amdf | |
| 102 | _aRU | ||
| 105 | _ay ||||||||| | ||
| 200 | 1 |
_aКолхознень эзга маляриять каршес тюремась _fврач В. И. Черяпкин |
|
| 210 |
_aМ. _cМедгиз _d1933 |
||
| 215 |
_a44,[3] c. _d15 |
||
| 541 | 1 |
_aЧто такое малярия _zrus |
|
| 606 | 0 |
_aМалярия _91104501 _3RU\NLR\auth\66115697 |
|
| 686 | 1 | _aР514.48 | |
| 700 | 1 |
_aЧеряпкин _bВ. И. _4070 |
|
| 801 | 0 |
_aRU _bNLR _c20100713 _gPSBO |
|
| 852 |
_aNLR _bОНЛ _jМорд.м./1-69 |
||
| 942 | _cBOOK | ||
| 980 | _aNB | ||